Statistiken für Mathematik Challenge Multipilkation Level 3

Klicken Sie hier um das Quiz zu spielen!

Allgemein

  • Dieses Quiz wurde 160 mal gespielt
  • Das Durchschnittsergebnis liegt bei 14 aus 40

Antwortstatistiken

HintAntwort% Korrekt
2*510
100%
4*25100
100%
6*18108
100%
11*111
100%
5*23115
100%
6*20120
100%
5*24120
100%
14*10140
100%
11*14154
100%
20*8160
100%
7*25175
100%
9*218
100%
6*318
100%
22*9198
100%
1*22
100%
2*12
100%
2*1020
100%
20*120
100%
4*520
100%
10*20200
100%
25*8200
100%
21*10210
100%
22*122
100%
17*13221
100%
19*12228
100%
12*224
100%
3*824
100%
24*10240
100%
25*125
100%
1*2525
100%
25*10250
100%
18*16288
100%
3*13
100%
2*1530
100%
16*232
100%
2*1632
100%
8*432
100%
11*333
100%
21*16336
100%
2*1734
100%
18*19342
100%
12*336
100%
20*18360
100%
22*17374
100%
20*240
100%
2*2142
100%
20*21420
100%
25*17425
100%
5*945
100%
20*23460
100%
3*1751
100%
3*1854
100%
11*555
100%
8*756
100%
4*1456
100%
3*26
100%
3*2060
100%
5*1365
100%
11*666
100%
4*1768
100%
3*2369
100%
7*17
100%
1*77
100%
12*672
100%
18*472
100%
1*88
100%
8*18
100%
1*99
100%
3*39
100%
6*1590
100%
4*624
88%
2*1836
83%
12*10120
80%
6*21126
80%
1*1616
80%
8*216
80%
1*1919
80%
20*19380
80%
4*14
80%
8*864
80%
16*464
80%
7*1177
80%
20*5100
75%
7*15105
75%
21*5105
75%
4*312
75%
15*115
75%
17*117
75%
1*1818
75%
9*20180
75%
20*9180
75%
20*10200
75%
3*721
75%
10*23230
75%
1*2424
75%
5*525
75%
10*330
75%
3*1133
75%
13*339
75%
5*840
75%
15*345
75%
8*648
75%
4*1560
75%
9*981
75%
1*11
67%
1*1010
67%
5*20100
67%
9*12108
67%
11*10110
67%
3*412
67%
2*612
67%
15*8120
67%
7*214
67%
2*714
67%
5*315
67%
6*25150
67%
10*17170
67%
22*8176
67%
21*9189
67%
11*24264
67%
4*728
67%
15*230
67%
4*832
67%
19*18342
67%
7*535
67%
6*636
67%
2*2040
67%
4*1040
67%
6*742
67%
9*545
67%
20*24480
67%
1*55
67%
21*24504
67%
4*1352
67%
12*560
67%
22*366
67%
6*1166
67%
7*1284
67%
4*2288
67%
11*888
67%
15*690
67%
19*595
67%
24*496
67%
7*856
63%
9*14126
60%
14*9126
60%
12*14168
60%
18*118
60%
22*10220
60%
13*226
60%
23*246
60%
4*1248
60%
16*348
60%
10*550
60%
3*2163
60%
8*1296
60%
3*2575
58%
11*23253
57%
10*880
57%
9*436
56%
25*4100
50%
7*17119
50%
6*212
50%
12*112
50%
25*5125
50%
13*113
50%
22*6132
50%
6*23138
50%
1*1414
50%
10*14140
50%
24*6144
50%
18*8144
50%
6*24144
50%
9*17153
50%
7*22154
50%
16*116
50%
8*20160
50%
23*7161
50%
17*10170
50%
25*7175
50%
16*11176
50%
18*10180
50%
12*15180
50%
9*21189
50%
19*119
50%
16*12192
50%
8*24192
50%
12*16192
50%
15*13195
50%
11*18198
50%
7*321
50%
14*15210
50%
9*24216
50%
18*12216
50%
11*20220
50%
13*17221
50%
15*15225
50%
23*123
50%
23*10230
50%
6*424
50%
18*14252
50%
21*12252
50%
17*15255
50%
20*13260
50%
14*19266
50%
9*327
50%
7*428
50%
14*228
50%
20*14280
50%
24*12288
50%
21*14294
50%
1*33
50%
15*21315
50%
17*234
50%
5*735
50%
16*22352
50%
2*1938
50%
10*440
50%
20*20400
50%
19*23437
50%
3*1545
50%
2*2346
50%
12*448
50%
2*2550
50%
22*24528
50%
9*654
50%
18*354
50%
19*357
50%
10*660
50%
25*24600
50%
25*25625
50%
21*363
50%
17*468
50%
3*2472
50%
9*872
50%
8*972
50%
15*575
50%
11*777
50%
8*1080
50%
4*2080
50%
12*784
50%
8*1188
50%
10*990
50%
4*2496
50%
14*798
50%
9*1199
50%
14*11154
43%
11*222
43%
19*6114
40%
20*7140
40%
13*11143
40%
2*816
40%
9*19171
40%
10*21210
40%
3*1030
40%
15*20300
40%
22*15330
40%
20*17340
40%
25*15375
40%
8*540
40%
22*20440
40%
21*25525
40%
25*22550
40%
3*1957
40%
7*963
40%
4*1872
40%
5*1785
40%
23*17391
38%
24*248
38%
13*8104
33%
10*11110
33%
14*8112
33%
6*19114
33%
23*5115
33%
13*9117
33%
5*25125
33%
13*10130
33%
12*12144
33%
7*21147
33%
17*9153
33%
24*7168
33%
13*13169
33%
11*16176
33%
10*18180
33%
17*11187
33%
5*420
33%
16*13208
33%
2*1122
33%
1*2222
33%
1*2323
33%
2*1224
33%
15*16240
33%
16*16256
33%
13*20260
33%
15*18270
33%
23*12276
33%
2*1428
33%
16*18288
33%
24*13312
33%
19*17323
33%
15*25375
33%
19*238
33%
19*20380
33%
3*1339
33%
16*25400
33%
20*22440
33%
25*18450
33%
23*20460
33%
25*19475
33%
2*2448
33%
7*749
33%
2*36
33%
20*360
33%
6*1060
33%
13*565
33%
7*1070
33%
16*580
33%
5*1680
33%
9*19
33%
7*1391
33%
13*791
33%
23*492
33%
4*2392
33%
12*896
33%
6*1696
33%
7*1498
33%
9*13117
29%
21*121
29%
18*236
29%
24*20480
29%
15*7105
25%
5*21105
25%
12*9108
25%
5*22110
25%
9*15135
25%
7*20140
25%
9*16144
25%
3*515
25%
8*19152
25%
22*7154
25%
16*10160
25%
11*15165
25%
7*24168
25%
19*9171
25%
8*22176
25%
13*14182
25%
14*14196
25%
20*12240
25%
14*18252
25%
15*19285
25%
22*13286
25%
17*17289
25%
20*15300
25%
22*14308
25%
14*22308
25%
21*19399
25%
25*16400
25%
22*19418
25%
7*642
25%
19*24456
25%
5*15
25%
4*2184
25%
5*1890
25%
11*11121
20%
19*7133
20%
8*17136
20%
23*6138
20%
14*13182
20%
12*20240
20%
24*11264
20%
12*24288
20%
3*1236
20%
2*24
20%
3*1442
20%
3*1648
20%
25*250
20%
22*23506
20%
24*25600
20%
3*2266
20%
6*1272
20%
10*16160
17%
21*8168
17%
10*19190
17%
17*12204
17%
9*23207
17%
15*17255
17%
22*12264
17%
23*14322
17%
23*15345
17%
24*16384
17%
14*342
17%
17*585
17%
8*14112
13%
24*19456
13%
4*1976
13%
5*210
0%
10*110
0%
10*10100
0%
6*17102
0%
17*6102
0%
8*13104
0%
18*6108
0%
1*1111
0%
22*5110
0%
7*16112
0%
16*7112
0%
17*7119
0%
1*1212
0%
10*12120
0%
24*5120
0%
20*6120
0%
8*15120
0%
18*7126
0%
7*18126
0%
21*6126
0%
16*8128
0%
8*16128
0%
1*1313
0%
10*13130
0%
12*11132
0%
6*22132
0%
11*12132
0%
7*19133
0%
15*9135
0%
17*8136
0%
14*114
0%
11*13143
0%
8*18144
0%
16*9144
0%
21*7147
0%
1*1515
0%
10*15150
0%
15*10150
0%
25*6150
0%
19*8152
0%
12*13156
0%
13*12156
0%
4*416
0%
7*23161
0%
18*9162
0%
9*18162
0%
15*11165
0%
14*12168
0%
8*21168
0%
1*1717
0%
3*618
0%
2*918
0%
15*12180
0%
8*23184
0%
23*8184
0%
11*17187
0%
19*10190
0%
24*8192
0%
13*15195
0%
9*22198
0%
18*11198
0%
10*220
0%
1*2020
0%
8*25200
0%
12*17204
0%
23*9207
0%
13*16208
0%
11*19209
0%
19*11209
0%
1*2121
0%
15*14210
0%
12*18216
0%
24*9216
0%
20*11220
0%
10*22220
0%
16*14224
0%
14*16224
0%
9*25225
0%
25*9225
0%
12*19228
0%
21*11231
0%
11*21231
0%
13*18234
0%
18*13234
0%
14*17238
0%
17*14238
0%
24*124
0%
8*324
0%
16*15240
0%
10*24240
0%
22*11242
0%
11*22242
0%
13*19247
0%
19*13247
0%
10*25250
0%
12*21252
0%
23*11253
0%
2*1326
0%
12*22264
0%
19*14266
0%
3*927
0%
18*15270
0%
17*16272
0%
16*17272
0%
13*21273
0%
21*13273
0%
25*11275
0%
11*25275
0%
12*23276
0%
14*20280
0%
19*15285
0%
13*22286
0%
14*21294
0%
13*23299
0%
23*13299
0%
5*630
0%
6*530
0%
12*25300
0%
25*12300
0%
19*16304
0%
16*19304
0%
17*18306
0%
18*17306
0%
13*24312
0%
21*15315
0%
20*16320
0%
16*20320
0%
14*23322
0%
17*19323
0%
18*18324
0%
13*25325
0%
25*13325
0%
15*22330
0%
16*21336
0%
24*14336
0%
14*24336
0%
17*20340
0%
15*23345
0%
25*14350
0%
14*25350
0%
22*16352
0%
17*21357
0%
21*17357
0%
4*936
0%
18*20360
0%
24*15360
0%
15*24360
0%
19*19361
0%
23*16368
0%
16*23368
0%
17*22374
0%
18*21378
0%
21*18378
0%
16*24384
0%
17*23391
0%
22*18396
0%
18*22396
0%
19*21399
0%
1*44
0%
17*24408
0%
24*17408
0%
23*18414
0%
18*23414
0%
19*22418
0%
21*242
0%
21*20420
0%
17*25425
0%
24*18432
0%
18*24432
0%
23*19437
0%
11*444
0%
22*244
0%
2*2244
0%
4*1144
0%
21*21441
0%
18*25450
0%
22*21462
0%
21*22462
0%
19*25475
0%
6*848
0%
21*23483
0%
23*21483
0%
22*22484
0%
5*1050
0%
20*25500
0%
25*20500
0%
24*21504
0%
23*22506
0%
17*351
0%
13*452
0%
25*21525
0%
24*22528
0%
23*23529
0%
6*954
0%
5*1155
0%
22*25550
0%
23*24552
0%
24*23552
0%
14*456
0%
25*23575
0%
23*25575
0%
24*24576
0%
6*16
0%
1*66
0%
5*1260
0%
15*460
0%
9*763
0%
4*1664
0%
23*369
0%
10*770
0%
14*570
0%
5*1470
0%
24*372
0%
25*375
0%
5*1575
0%
19*476
0%
13*678
0%
6*1378
0%
2*48
0%
4*28
0%
20*480
0%
6*1484
0%
21*484
0%
14*684
0%
22*488
0%
9*1090
0%
18*590
0%
5*1995
0%
16*696
0%
11*999
0%

Verteilung der Resultate

Perzentil nach korrekt beantworteten Fragen

Anzahl Personen mit jedem Resultat

Ihre Resultats-Entwicklung

Sie haben dieses Quiz noch nicht gespielt